[Event "FRG-ch"]
[Site "Menden"]
[Date "1974.??.??"]
[Round "?"]
[White "Ackermann, Hans Werner"]
[Black "Westermeier, Arnulf"]
[Result "1/2-1/2"]
[WhiteElo "2200"]
[BlackElo "2200"]

1.e4 c5 2.Nf3 d6 3.Bb5+ Bd7 4.Bxd7+ Qxd7 5.c4 Nc6 6.Nc3 g6 7.d3 Bg7 8.Be3 Nh6
9.h3 f5 10.Qd2 Nf7 11.exf5 gxf5 12.Ng5 O-O 13.Nxf7 Rxf7 14.O-O-O a6 15.g4 b5
16.Bh6 Nd4 17.Bxg7 Rxg7 18.Nd5 Rf8 19.gxf5 Qxf5 20.Rhg1 Rf7 21.Rg3 bxc4 22.dxc4 Rxg3
23.fxg3 e6 24.Nf4 Rg7 25.Qd3  1/2-1/2

[Event "Nice olm prel"]
[Site "Nice"]
[Date "1974.??.??"]
[Round "1"]
[White "Schmid, Lothar"]
[Black "Andersson, Ulf"]
[Result "0-1"]
[WhiteElo "2550"]
[BlackElo "2580"]

1.e4 c5 2.Nf3 d6 3.Bb5+ Bd7 4.Bxd7+ Qxd7 5.c4 e5 6.O-O Nc6 7.Nc3 g6 8.d3 Bg7
9.Nd5 Nge7 10.Bd2 O-O 11.Rb1 Rab8 12.b4 Nxd5 13.exd5 Nxb4 14.Bxb4 cxb4 15.Rxb4 Rfe8
16.Re1 Qc7 17.Qb3 Bh6 18.g3 Re7 19.Rb1 b6 20.Kg2 Rbe8 21.Re1 Bg7 22.a4 h6
23.Nd2 f5 24.Re2 Bf6 25.a5 bxa5 26.Ra4 Kh7 27.Qa3 e4 28.dxe4 fxe4 29.Qe3 Bg5
30.Qd4 Qb6 31.Qc3 e3 32.Nf3 exf2 33.Nxg5+ hxg5 34.Rxf2 Re2 35.Qf3 Qb2 36.Kf1 Qc1+
37.Kg2 Qc2 38.Kg1 Rxf2 39.Qxf2 Qxa4 40.Qf1 Kh6  0-1

[Event "Nice olm fin-A"]
[Site "Nice"]
[Date "1974.??.??"]
[Round "1"]
[White "Markland, Peter R"]
[Black "Ghizdavu, Dumitru"]
[Result "1/2-1/2"]
[WhiteElo "2390"]
[BlackElo "2420"]

1.e4 c5 2.Nf3 d6 3.Bb5+ Bd7 4.Bxd7+ Qxd7 5.c4 e5 6.Nc3 Nc6 7.d3 g6 8.O-O Bg7
9.Nd5 Nge7 10.Bg5 Nxd5 11.cxd5 Nd4 12.Nxd4 cxd4 13.Qb3 O-O 14.Rac1 Rac8 15.Rxc8 Rxc8
16.Rc1 f6 17.Rxc8+ Qxc8 18.Bd2 Bf8 19.h3 Be7 20.Kf1 Kf7 21.Ke2 Qc7 22.Kd1 Bd8
23.a4 Qb6 24.Qxb6 Bxb6 25.Kc2 Bd8 26.Kb3 Ke8 27.Kc4 Kf7 28.b4 Ke8 29.b5 Kf7
30.Bb4 Be7 31.Kb3 Ke8 32.Kc2 Kf7 33.Kd1 Ke8 34.Ke2 Kf7 35.Kf3 Kg7 36.Kg3 Kf7
37.f4 Kg7 38.Kf3 Kf7 39.f5 g5 40.Kg4 h6 41.Kh5 Kg7 42.h4 b6 43.a5 Kh7 44.a6 Kg7
45.hxg5 hxg5 46.Bd2 Bd8 47.g4  1/2-1/2

[Event "Nice olm fin-B"]
[Site "Nice"]
[Date "1974.??.??"]
[Round "2"]
[White "Kuprejanov, George"]
[Black "Sigurjonsson, Gudmundur"]
[Result "1-0"]
[WhiteElo "2365"]
[BlackElo "2480"]

1.e4 c5 2.Nf3 d6 3.Bb5+ Nc6 4.O-O Bg4 5.h3 Bh5 6.c3 a6 7.Bxc6+ bxc6 8.d4 cxd4
9.cxd4 e6 10.Nc3 Be7 11.Qa4 Qd7 12.Nh2 d5 13.Be3 Bd8 14.e5 Ne7 15.Qa3 O-O
16.g4 Bg6 17.Na4 a5 18.Rfc1 Rb8 19.Qc3 h5 20.b3 Rb5 21.Nc5 Qa7 22.Rf1 Bb6
23.Na4 Bc7 24.Rac1 Rb4 25.Rfd1 Bb8 26.Nf3 hxg4 27.hxg4 Qc7 28.Ng5 Ba7 29.f3 Qc8
30.Nc5 Rb5 31.a4 Rb4 32.Nd3 Rb7 33.Nf4 Qb8 34.Nxg6 Nxg6 35.Rd3 Qd8 36.f4 Rb4
37.Kg2 c5 38.Qe1 cxd4 39.Qh1 Re8 40.Bd2 Rb7 41.Qh7+ Kf8 42.Rc6 Qb8 43.Nxe6+ Rxe6
44.Rxe6 Rxb3 45.Rxg6 fxg6 46.Qh8+ Kf7 47.e6+ Kxe6 48.Qxg7 Rb2 49.Qxg6+ Kd7
50.Qf7+ Kc6 51.Qe6+ Kc5 52.Qe7+ Kc4 53.Qe2 Kc5 54.g5 Qxf4 55.Bxf4 Rxe2+ 56.Kf3 Re8
57.Rd1 Kc4 58.Rc1+ Kd3 59.Rb1 Bc5 60.Rd1+ Kc3 61.Rc1+ Kb4 62.Bd2+ Kxa4 63.Rxc5 Kb3
64.Bxa5  1-0

[Event "Nice olm prel"]
[Site "Nice"]
[Date "1974.??.??"]
[Round "2"]
[White "Hug, Werner"]
[Black "Robatsch, Karl"]
[Result "1/2-1/2"]
[WhiteElo "2425"]
[BlackElo "2440"]

1.e4 c5 2.Nf3 d6 3.Bb5+ Bd7 4.Bxd7+ Qxd7 5.O-O Nf6 6.e5 dxe5 7.Nxe5 Qc8 8.Re1 Nc6
9.d3 Nxe5 10.Rxe5 e6 11.Nc3 Qc6 12.Qe2 Be7 13.Bd2 O-O 14.Re1 Rac8 15.b3 b5
16.Bg5 Rfe8 17.Bh4 a6 18.Re3 Nd5 19.Nxd5 Bxh4 20.Qh5 exd5  1/2-1/2

[Event "Nice olm prel"]
[Site "Nice"]
[Date "1974.??.??"]
[Round "2"]
[White "Lechtynsky, Jiri"]
[Black "Angles Auriac, Bernard"]
[Result "1-0"]
[WhiteElo "2390"]
[BlackElo "2200"]

1.e4 c5 2.Nf3 d6 3.Bb5+ Bd7 4.Bxd7+ Nxd7 5.O-O g6 6.d4 cxd4 7.Qxd4 Ngf6 8.Nc3 Bg7
9.Bg5 O-O 10.Qd2 Rc8 11.Bh6 Qb6 12.Rab1 Rfd8 13.Bxg7 Kxg7 14.Rfe1 e6 15.h3 a6
16.Nd4 Ne5 17.Red1 Nc4 18.Qf4 Nh5 19.Qh4 Rd7 20.Nce2 d5 21.b3 Na3 22.Rbc1 dxe4
23.Nf5+ exf5 24.Rxd7 Nf6 25.Rdd1 Rd8 26.c4 Rd3 27.Rxd3 exd3 28.Qd4 Qb4 29.Nc3 Nc2
30.Qxd3 Na3 31.Qd4 Qa5 32.b4 Qxb4 33.Qxf6+ Kxf6 34.Nd5+ Ke5 35.Nxb4 Kd4 36.Nc2+ Nxc2
37.Rxc2 Kd3 38.Rb2  1-0

[Event "Nice olm prel"]
[Site "Nice"]
[Date "1974.??.??"]
[Round "3"]
[White "Prameshuber, Aleksander"]
[Black "Ramcharran, S."]
[Result "1-0"]
[WhiteElo "2200"]
[BlackElo "2200"]

1.e4 c5 2.Nf3 d6 3.Bb5+ Bd7 4.Bxd7+ Nxd7 5.O-O e5 6.c4 Be7 7.Nc3 Ngf6 8.d3 h6
9.Nh4 Nf8 10.Nf5 Ne6 11.Nd5 Ng8 12.f4 g6 13.Nfxe7 Nxe7 14.fxe5 Ng8 15.Qf3 Rh7
16.exd6 Qxd6 17.Be3 O-O-O 18.b4 Ng5 19.Qg4+ Qd7 20.Qxd7+ Rxd7 21.Bxc5 Kb8
22.a4 Ne6 23.Be3 h5 24.Rad1 Rg7 25.d4 g5 26.Nf6 Nxf6 27.Rxf6 h4 28.d5 Nf8
29.Bd4 Rh7 30.e5 Ng6 31.e6  1-0

[Event "Nice olm fin-B"]
[Site "Nice"]
[Date "1974.??.??"]
[Round "3"]
[White "Sigurjonsson, Gudmundur"]
[Black "Levy, David Neil Lawrence"]
[Result "1/2-1/2"]
[WhiteElo "2480"]
[BlackElo "2320"]

1.e4 c5 2.Nf3 d6 3.Bb5+ Nd7 4.d4 Nf6 5.Nc3 cxd4 6.Qxd4 a6 7.Bxd7+ Bxd7 8.Bg5 h6
9.Bh4 g5 10.Bg3 Bg7 11.O-O-O Nh5 12.Qe3 Nf4 13.e5 Nxg2 14.Qe2 O-O 15.Rhg1 Bh3
16.Ne4 Qa5 17.Kb1 dxe5 18.Nexg5 hxg5 19.Nxg5 Bf5 20.Rxg2 Rac8 21.Ne4 Rfd8
22.f3 Rxd1+  1/2-1/2

[Event "Nice olm fin-A"]
[Site "Nice"]
[Date "1974.??.??"]
[Round "3"]
[White "Szmetan, Jorge"]
[Black "Tarjan, James Edward"]
[Result "1/2-1/2"]
[WhiteElo "2405"]
[BlackElo "2475"]

1.Nf3 c5 2.e4 d6 3.Bb5+ Nc6 4.O-O Bg4 5.c3 Nf6 6.Re1 e6 7.h3 Bh5 8.d4 cxd4
9.cxd4 a6 10.Bxc6+ bxc6 11.Bf4 Be7 12.Nbd2 O-O 13.Rc1 Qd7 14.Nc4 Rad8 15.e5 Nd5
16.Bh2 Bg5 17.Ra1 Bxf3 18.Qxf3 dxe5 19.Nxe5 Qb7 20.Nd3 Rc8 21.Re2 Rfd8 22.Be5 Bf6
23.Rc1 h6 24.Rc4 Bxe5 25.dxe5 Ne7 26.Rec2 Ng6 27.Qe4 Rxd3 28.Qxd3 Nxe5 29.Qd2 Nxc4
30.Rxc4 Qb6 31.Qc2 Qb5 32.Rc5 Qb6 33.h4 Qb4 34.g3 Qb7 35.a3 Qd7 36.b4 Qd4
37.Ra5 Qb6 38.Qc4 Ra8 39.Rc5 Rc8 40.a4 Rb8 41.Rxc6 Qxb4 42.Rc8+  1/2-1/2

[Event "Nice olm fin-A"]
[Site "Nice"]
[Date "1974.??.??"]
[Round "3"]
[White "Kuijpers, Franciscus Antonius"]
[Black "Ghizdavu, Dumitru"]
[Result "1-0"]
[WhiteElo "2420"]
[BlackElo "2420"]

1.e4 c5 2.Nf3 d6 3.Bb5+ Bd7 4.Bxd7+ Qxd7 5.c4 e5 6.Nc3 Nc6 7.d3 g6 8.Nd5 Bg7
9.Qa4 Nd4 10.Qxd7+ Kxd7 11.Nxd4 exd4 12.Bg5 f6 13.Bd2 Ne7 14.Nxe7 Kxe7 15.b4 Kd7
16.Rb1 Kc6 17.O-O Rab8 18.a4 Rbe8 19.Rb2 Rhf8 20.Rfb1 Re7 21.Re1 Rfe8 22.Kf1 Rf7
23.h3 Rff8 24.g4 h6 25.Kg2 Rf7 26.Rbb1 b6 27.f4 Bf8 28.b5+ Kd7 29.a5 Be7
30.axb6 axb6 31.Ra1 Bd8 32.Ra7+ Bc7 33.Rea1 Rfe7 34.Kf3 Rc8 35.R1a6 Rb8 36.Be1 Kc8
37.Bg3 Rb7 38.Ra8+ Rb8 39.f5 g5 40.Rxb8+ Kxb8 41.Rxb6+  1-0

[Event "Nice olm fin-B"]
[Site "Nice"]
[Date "1974.??.??"]
[Round "4"]
[White "Cosulich, Roberto"]
[Black "Wirthensohn, Heinz"]
[Result "1-0"]
[WhiteElo "2430"]
[BlackElo "2340"]

1.e4 c5 2.Nf3 d6 3.Bb5+ Bd7 4.a4 Nf6 5.d3 Nc6 6.O-O e6 7.Nbd2 Be7 8.Nc4 O-O
9.e5 Ne8 10.exd6 Nxd6 11.Bxc6 Bxc6 12.Nce5 Be8 13.b3 Nf5 14.Bb2 f6 15.Nc4 Bh5
16.h3 Nd4 17.g4 Be8 18.Nxd4 cxd4 19.Qe2 e5 20.f4 exf4 21.Rxf4 Bc6 22.Qf2 Qd5
23.Kh2 Bd8 24.Re4 f5 25.Qxd4 Qxd4 26.Rxd4 Bf6 27.Rf4 Bxb2 28.Nxb2 fxg4 29.Rxf8+ Rxf8
30.hxg4 Rf2+ 31.Kg3 Rxc2 32.Nc4 Rc3 33.Ne5 Rxb3 34.a5 Bb5 35.Kf4 Bxd3 36.Rd1 g5+
37.Kxg5 Bb5 38.Kf6 h6 39.Rd8+ Kh7 40.Rc8 Be2 41.Rc7+ Kg8 42.Rg7+ Kf8 43.Ng6+ Ke8
44.Re7+ Kd8 45.Rxe2 Rb5 46.Re5 Rb4 47.Rd5+ Kc7 48.Ne5 Rb1 49.Rd7+ Kc8 50.Rh7 Rh1
51.Ke6 Ra1 52.Rxh6 Rxa5 53.g5 Ra1 54.g6 Rg1 55.Rh7  1-0

[Event "Nice olm fin-A"]
[Site "Nice"]
[Date "1974.??.??"]
[Round "7"]
[White "Radulov, Ivan"]
[Black "Quinteros, Miguel A"]
[Result "1/2-1/2"]
[WhiteElo "2490"]
[BlackElo "2495"]

1.e4 c5 2.Nf3 d6 3.Bb5+ Bd7 4.Bxd7+ Qxd7 5.c4 e5 6.Nc3 Nc6 7.O-O g6 8.d3 Bg7
9.Nd5 Nge7 10.Bg5 f5 11.Qa4 Nxd5 12.cxd5 Nb4 13.Qxd7+ Kxd7 14.Ne1 f4 15.f3 h6
16.Bh4 g5 17.Bf2 h5 18.a3 Na6 19.Nc2 Bf6 20.Rfb1 Rhc8 21.b3 Bd8 22.Be1 b5
23.a4 b4 24.Bf2 Be7 25.Kf1 g4 26.Ke2 Rg8 27.Rg1 Rg7 28.Raf1 Rf8 29.Be1 h4
30.h3 gxh3 31.gxh3 Rg3 32.Bxg3 fxg3 33.Ne3 Bg5 34.Ng2 Rf4 35.Rc1 Nc7 36.Nxf4 Bxf4
37.Rcd1 Ne8 38.Rge1 Nf6 39.Kf1 Nh5 40.Kg2 a5 41.Re2 Bg5 42.f4 Nxf4+ 43.Kf3 Nxh3
44.Kg4 Nf4 45.Re3 Bf6 46.Rf3 Ke7 47.Re1  1/2-1/2

[Event "Nice olm fin-B"]
[Site "Nice"]
[Date "1974.??.??"]
[Round "7"]
[White "Seret, Jean Luc"]
[Black "Levy, David Neil Lawrence"]
[Result "1-0"]
[WhiteElo "2400"]
[BlackElo "2320"]

1.e4 c5 2.Nf3 d6 3.Bb5+ Nd7 4.c3 Nf6 5.Qe2 a6 6.Ba4 b5 7.Bc2 e5 8.O-O g6
9.a4 Rb8 10.axb5 axb5 11.d4 Bg7 12.dxe5 dxe5 13.Rd1 Qc7 14.Na3 Qc6 15.c4 b4
16.Nb5 Rb6 17.Nd6+ Qxd6 18.Rxd6 Rxd6 19.Be3 O-O 20.Ne1 Bb7 21.f3 Nh5 22.Rd1 Rxd1
23.Qxd1 Bc6 24.Ba4 Bxa4 25.Qxa4 Rd8 26.Nd3 Bf8 27.Qa7 Ng7 28.Nxc5 Nxc5 29.Bxc5 Rd4
30.Kf2 Ne6 31.Bxf8 Nxf8 32.b3 Rd2+ 33.Kg3 Nd7 34.h4 Kg7 35.h5 Nf6 36.h6+  1-0

[Event "Nice olm prel"]
[Site "Nice"]
[Date "1974.??.??"]
[Round "8"]
[White "Kuprejanov, George"]
[Black "Iskov, Gert"]
[Result "0-1"]
[WhiteElo "2365"]
[BlackElo "2420"]

1.e4 c5 2.Nf3 d6 3.Bb5+ Nc6 4.O-O Bg4 5.c3 a6 6.Bxc6+ bxc6 7.d3 e6 8.Nbd2 Nf6
9.Qa4 Qb6 10.Nc4 Qb5 11.Qd1 Nd7 12.a4 Qb7 13.Bf4 e5 14.Bc1 Be7 15.h3 Be6
16.Ng5 d5 17.Nxe6 fxe6 18.Ne3 O-O 19.Ng4 Rf7 20.Qe2 Bd6 21.Bg5 Rb8 22.Rfb1 Rbf8
23.f3 Rb8 24.Bh4 Nf8 25.Bg3 Ng6 26.Kh1 Qc7 27.Re1 Nf4 28.Bxf4 exf4 29.c4 h5
30.Nf2 Be7 31.Nd1 Bh4 32.Rf1 Bf6 33.Re1 dxc4 34.dxc4 Bd4 35.Rf1 Qe5 36.Ra2 Rfb7
37.Qd2 Rb4 38.Qd3 g5 39.Re1 Kf7 40.Re2 g4 41.fxg4 hxg4 42.Nf2 Rb3 43.Qb1 f3
44.Nxg4 fxg2+ 45.Rxg2 Rxh3+ 46.Rh2 Rxh2+ 47.Nxh2 Rh8 48.b3 Qf4 49.Rg2 Be5
50.Qg1 Qf3  0-1

[Event "Nice olm fin-B"]
[Site "Nice"]
[Date "1974.??.??"]
[Round "9"]
[White "Biyiasas, Peter"]
[Black "Rodriguez Cordoba, Jesus R"]
[Result "1-0"]
[WhiteElo "2420"]
[BlackElo "2390"]

1.e4 c5 2.Nf3 d6 3.Bb5+ Bd7 4.Bxd7+ Qxd7 5.c4 e5 6.Nc3 Nc6 7.O-O g6 8.d3 Bg7
9.Nd5 Nce7 10.Rb1 Nxd5 11.cxd5 Ne7 12.b4 cxb4 13.Rxb4 O-O 14.Qb3 b6 15.a4 Rfc8
16.Ba3 Bh6 17.Rb1 Rc7 18.Rc4 Rxc4 19.Qxc4 Rc8 20.Qb5 Qd8 21.Qb4 Rc5 22.Qb3 Rc8
23.h3 f6 24.Qb4 Bf8 25.Ra1 Rc2 26.Ne1 Rc5 27.d4 Rc8 28.Nd3 exd4 29.Qxd4 Bg7
30.Bb2 Qd7 31.Nf4 Rc2 32.Ne6 Bh8 33.Ra3 g5 34.f4 Ng6 35.f5 Ne5 36.Rc3 Rxb2
37.Rc7 Rb1+ 38.Kh2 Qe8 39.Qc3 g4 40.Rc8  1-0

[Event "Nice olm prel"]
[Site "Nice"]
[Date "1974.??.??"]
[Round "9"]
[White "Hug, Werner"]
[Black "Abraham, Ines"]
[Result "1-0"]
[WhiteElo "2425"]
[BlackElo "2200"]

1.e4 c5 2.Nf3 d6 3.Bb5+ Bd7 4.Bxd7+ Qxd7 5.O-O Nc6 6.c3 e5 7.d4 Nf6 8.Re1 Rd8
9.Na3 Be7 10.Bg5 h6 11.Bh4 O-O 12.Nc4 b5 13.dxe5 bxc4 14.exf6 Bxf6 15.Bxf6 gxf6
16.Nh4 Ne7 17.Qh5 Kh7 18.Re3 Qe6 19.Nf5 Nxf5 20.exf5 Qd5 21.Rd1 Qxd1+ 22.Qxd1 Rfe8
23.Qe2  1-0

[Event "Nice olm fin-B"]
[Site "Nice"]
[Date "1974.??.??"]
[Round "9"]
[White "Asmundsson, Ingvar"]
[Black "Ott, Roland"]
[Result "1-0"]
[WhiteElo "2395"]
[BlackElo "2200"]

1.e4 c5 2.Nf3 d6 3.Bb5+ Bd7 4.a4 Nc6 5.O-O g6 6.Re1 Bg7 7.c3 Nf6 8.d4 cxd4
9.cxd4 O-O 10.Nc3 Ne8 11.Be3 a6 12.Be2 Rc8 13.Qb3 Na5 14.Qa2 Bg4 15.Red1 Bxf3
16.Bxf3 Nc4 17.Bg5 h6 18.Bf4 e5 19.dxe5 Nxe5 20.Be2 Nc7 21.Be3 Qe7 22.Qa3 Ne8
23.Nd5 Qe6 24.Qb3 Rc7 25.f4 Nc6 26.f5 Qxe4 27.Bf3 Qe5 28.Nxc7 Nxc7 29.fxg6 Na5
30.Qc3 Qe7 31.Bd4 Bxd4+ 32.Rxd4 fxg6 33.Rad1 Rf6 34.Re4  1-0

[Event "Nice olm fin-B"]
[Site "Nice"]
[Date "1974.??.??"]
[Round "10"]
[White "Boey, Josef"]
[Black "Moe, Mogens"]
[Result "0-1"]
[WhiteElo "2435"]
[BlackElo "2375"]

1.e4 c5 2.Nf3 d6 3.Bb5+ Nd7 4.d4 Nf6 5.Nc3 a6 6.Bxd7+ Nxd7 7.O-O g6 8.Nd5 Bg7
9.e5 dxe5 10.dxe5 Nb6 11.c4 Nxc4 12.Bg5 Be6 13.Nxe7 Qxd1 14.Raxd1 Nxe5 15.Nxe5 Bxe5
16.Rfe1 Bd4 17.Nd5 O-O 18.Nb6 Rae8 19.Bh6 Bxa2 20.Bxf8 Rxe1+ 21.Rxe1 Kxf8
22.g4 Be6 23.Na4 b5 24.Nc3 Bxg4 25.Ra1 b4 26.Nd5 Bxb2 27.Rxa6 Be6 28.Ne3 Be5
29.Rc6 b3 30.Nd1 c4 31.f4 Bd4+ 32.Kf1 b2 33.Nxb2 Bxb2 34.f5 gxf5 35.Kf2 f4  0-1

[Event "Rubinstein mem"]
[Site "Polanica Zdroj"]
[Date "1974.??.??"]
[Round "10"]
[White "Lechtynsky, Jiri"]
[Black "Rogoff, Kenneth"]
[Result "1/2-1/2"]
[WhiteElo "2390"]
[BlackElo "2445"]

1.e4 c5 2.Nf3 d6 3.Bb5+ Bd7 4.Bxd7+ Qxd7 5.c4 Nc6 6.d4 cxd4 7.Nxd4 Nf6 8.Nc3 Qg4
9.O-O Qxd1 10.Rxd1 Nxd4 11.Rxd4 Rc8 12.Bg5 h6 13.Bxf6 gxf6 14.f4 a6 15.Re1 e6
16.Kf1 Be7 17.g3 Rc6 18.Red1 O-O 19.a4 Rfc8 20.b3 Rb6 21.Rb1 f5 22.exf5 Bf6
23.Rd3 d5 24.fxe6 fxe6 25.a5 dxc4 26.axb6 cxd3 27.Ne4 Be7 28.Rd1 Rc6 29.Rxd3 Rxb6  1/2-1/2

[Event "Rimavska Sobota"]
[Site "Rimavska Sobota"]
[Date "1974.??.??"]
[Round "9"]
[White "Novak, Ivan"]
[Black "Jankovec, Ivan"]
[Result "0-1"]
[WhiteElo "2355"]
[BlackElo "2315"]

1.e4 c5 2.Nf3 d6 3.Bb5+ Bd7 4.Bxd7+ Qxd7 5.O-O Nc6 6.c3 Nf6 7.d4 Nxe4 8.d5 Nd8
9.Re1 Nf6 10.Bg5 Ng8 11.Nbd2 f6 12.Bf4 Nf7 13.b4 g5 14.Be3 b6 15.Ne4 Bg7
16.bxc5 dxc5 17.Bxc5 O-O-O 18.c4 f5 19.Nexg5 Nxg5 20.Nxg5 Bxa1 21.Qxa1 Nh6
22.Bxe7 Rde8 23.d6 f4 24.c5 Kb7 25.Nf3 Rhg8 26.Ne5 Qh3 27.c6+ Ka8 28.g3 Nf5
29.Qc3 fxg3 30.fxg3 Nxg3 31.Kf2 Ne4+ 32.Rxe4 Qxc3 33.c7 Rxe7 34.dxe7 Qxc7  0-1

[Event "Rimavska Sobota"]
[Site "Rimavska Sobota"]
[Date "1974.??.??"]
[Round "12"]
[White "Braun, Gottfried"]
[Black "Minev, Nikolay N"]
[Result "1/2-1/2"]
[WhiteElo "2400"]
[BlackElo "2455"]

1.e4 c5 2.Nf3 d6 3.Bb5+ Bd7 4.a4 Nc6 5.Nc3 g6 6.O-O Bg7 7.d3 Nf6 8.h3 O-O
9.Be3 Ne8 10.Bg5 Nc7 11.Bc4 Ne6 12.Bh4 Nc7 13.Nd2 Be6 14.Nd5 Bxd5 15.exd5 Nb4
16.Re1 Nbxd5 17.Bxd5 Nxd5 18.Qf3 Bf6 19.Bxf6 Nxf6  1/2-1/2

[Event "Sombor"]
[Site "Sombor"]
[Date "1974.??.??"]
[Round "1"]
[White "Mednis, Edmar John"]
[Black "Masic, Ljubomir"]
[Result "1/2-1/2"]
[WhiteElo "2455"]
[BlackElo "2365"]

1.e4 c5 2.Nf3 d6 3.Bb5+ Nd7 4.d4 Nf6 5.Nc3 cxd4 6.Qxd4 e5 7.Qd3 h6 8.Nd2 Be7
9.Nc4 O-O 10.Bxd7 Qxd7 11.Ne3 Rd8 12.Rg1 b6 13.g4 Bb7 14.Nf5 d5 15.g5 Nxe4
16.Nxe4 dxe4 17.Qxd7 Rxd7 18.gxh6 g6 19.Nxe7+ Rxe7 20.Bd2 Re6 21.O-O-O Bc6
22.h4 Kh7 23.h5 Rg8 24.hxg6+ Rgxg6 25.Rxg6 Rxg6 26.Bc3 Rxh6  1/2-1/2

[Event "Stary Smokovec"]
[Site "Stary Smokovec"]
[Date "1974.??.??"]
[Round "2"]
[White "Novak, Ivan"]
[Black "Szilagyi, Gyorgy"]
[Result "0-1"]
[WhiteElo "2355"]
[BlackElo "2360"]

1.e4 c5 2.Nf3 d6 3.Bb5+ Bd7 4.Bxd7+ Qxd7 5.O-O Nc6 6.c3 Nf6 7.d4 Nxe4 8.d5 Ne5
9.Re1 Nxf3+ 10.Qxf3 Nf6 11.b4 Qg4 12.Qe3 Nxd5 13.Qd3 Nb6 14.Qxd6 Rc8 15.b5 e6
16.Qe5 Be7 17.h3 Qg6 18.Bf4 O-O 19.a4 Rfd8 20.Qe2 Rd3 21.Nd2 Rxc3 22.Ne4 Rxh3
23.Bd6 Bf8 24.Bxf8 Rxf8 25.Nxc5 Rh5 26.Nxb7 Qh6 27.f4 Rh1+ 28.Kf2 Qxf4+ 29.Qf3 Qh4+
30.Qg3 Qxg3+ 31.Kxg3 Rxe1 32.Rxe1 Rb8 33.Nd6 Rd8 34.Ne4 Nxa4 35.Ra1 Rd4 36.Ng5 h6
37.Nf3 Rb4  0-1

[Event "SWE-ch"]
[Site "?"]
[Date "1974.??.??"]
[Round "4"]
[White "Ekenberg, Bengt"]
[Black "Fredriksson, Leif"]
[Result "1/2-1/2"]
[WhiteElo "2280"]
[BlackElo "2200"]

1.e4 c5 2.Nf3 d6 3.Bb5+ Bd7 4.Bxd7+ Qxd7 5.O-O Nc6 6.c4 Nf6 7.Nc3 e5 8.d3 g6
9.a3 Bg7 10.Rb1 O-O 11.b4 Ne8 12.Nd5 f5 13.Bd2 Nf6 14.b5 Nd8 15.Re1 f4 16.h3 Ne6
17.a4 Qf7 18.a5 Rae8 19.a6 b6 20.Bc3 Nd7 21.Kf1 g5 22.Ke2 h5 23.Kd2 Bf6 24.Rh1 Bd8
25.Kc2 Kg7 26.Nd2 Qg6 27.f3  1/2-1/2

[Event "URS Cup"]
[Site "Tbilisi"]
[Date "1974.??.??"]
[Round "?"]
[White "Fedorov, Vladislav"]
[Black "Zaichik, Gennadi"]
[Result "1-0"]
[WhiteElo "2200"]
[BlackElo "2200"]

1.e4 c5 2.Nf3 d6 3.Bb5+ Bd7 4.Bxd7+ Qxd7 5.O-O Nc6 6.c3 Nf6 7.d4 cxd4 8.cxd4 d5
9.e5 Ng8 10.a3 e6 11.b4 a6 12.Nbd2 Nge7 13.Nb3 Nc8 14.Ng5 h6 15.Nh3 b6 16.Nf4 g6
17.Qd3 Bg7 18.Bd2 N8e7 19.Ne2 O-O 20.Nc3 Rfc8 21.Rfb1 Bf8 22.Ra2 h5 23.Ne2 Na7
24.a4 Rc4 25.a5 Qc6 26.axb6 Qxb6 27.Nc5 Nb5 28.Rba1 Nc7 29.Nd7 Qc6 30.Nf6+ Kh8
31.g4 hxg4 32.Qg3 Nf5 33.Qxg4 Bh6 34.Bxh6 Nxh6 35.Qg5 Nf5 36.Ra3 Kg7 37.Rh3 Rh8
38.Rxh8 Kxh8 39.Ra3 Kg7 40.Rh3 Qb7 41.Ne4 Ne8 42.Nd6  1-0

[Event "Trencianske Teplice"]
[Site "Trencianske Teplice"]
[Date "1974.??.??"]
[Round "9"]
[White "Franzen, Josef"]
[Black "Pavlov, Mircea"]
[Result "1/2-1/2"]
[WhiteElo "2315"]
[BlackElo "2355"]

1.e4 c5 2.Nf3 d6 3.Bb5+ Nd7 4.d4 Nf6 5.Nc3 a6 6.Bxd7+ Nxd7 7.Bg5 h6 8.Be3 e6
9.d5 Nf6 10.O-O Be7 11.Qd3 e5 12.a4 O-O 13.a5 Bd7  1/2-1/2

[Event "Vejle op"]
[Site "Vejle"]
[Date "1974.??.??"]
[Round "9"]
[White "Pedersen, Eigil"]
[Black "Hansen, Po"]
[Result "1-0"]
[WhiteElo "2200"]
[BlackElo "2200"]

1.e4 c5 2.Nf3 d6 3.Bb5+ Bd7 4.Qe2 Bxb5 5.Qxb5+ Qd7 6.Qe2 Nc6 7.O-O g6 8.Rd1 Bg7
9.c3 e5 10.Na3 Nge7 11.Nc2 O-O 12.d4 cxd4 13.cxd4 Qc7 14.d5 Na5 15.Na3 b6
16.Bg5 Rfc8 17.Rac1 Qd7 18.b4 Nb7 19.Qb5 Qxb5 20.Nxb5 f6 21.Be3 Kf7 22.Nc7 Rab8
23.Rd3 h6 24.Ne1 f5 25.f3 Nc5 26.bxc5 Rxc7 27.cxd6 Rxc1 28.Bxc1 Nc8 29.Rc3 Nxd6
30.Rc7+ Kg8 31.Rxa7 fxe4 32.Rd7 Nb5 33.fxe4 Nc3 34.Bb2 Rc8 35.Rd6 Nxe4 36.Rxg6 Nf6
37.Bxe5 Kf7 38.Rg3 Rc1 39.Kf1 Rd1 40.Bxf6 Bxf6 41.Rd3 Ra1 42.a3 Bb2 43.Rb3 Bd4
44.Ke2 Ra2+ 45.Kd3  1-0

[Event "Zetters"]
[Site "Birmingham"]
[Date "1975.03.29"]
[Round "3"]
[White "Botterill, George Steven"]
[Black "Chellstorp, Craig V"]
[Result "1/2-1/2"]
[WhiteElo "2400"]
[BlackElo "2380"]

1.e4 c5 2.Nf3 d6 3.Bb5+ Bd7 4.Bxd7+ Qxd7 5.O-O Nc6 6.c3 Nf6 7.d4 cxd4 8.cxd4 d5
9.e5 Ne4 10.Ne1 h6 11.f3 Ng5 12.Nc3 Ne6 13.Be3 Nc7 14.Nd3 e6 15.Rc1 Rc8 16.Ne2 Na5
17.b3 Ba3 18.Rc2 b6 19.Ndf4 g6 20.Bc1 Be7 21.Qd3 Kd8 22.Bd2 Nb5 23.a4 Rxc2
24.Qxc2 Nc7 25.Nd3 Na6 26.Nc3 Qc8 27.Qb2 Nc7 28.Rc1 Qa6 29.Qc2 Qb7 30.Nb5 Nxb5
31.axb5 Kd7 32.Bxa5 bxa5 33.Nc5+ Bxc5 34.Qxc5 Qb6 35.Qxb6 axb6 36.Rc6 Rc8
37.Rxb6 Rc3 38.Rb7+ Ke8 39.Rb8+ Ke7 40.Rb7+ Kf8  1/2-1/2

[Event "Hastings7576"]
[Site "Hastings"]
[Date "1975.12.30"]
[Round "2"]
[White "Jansa, Vlastimil"]
[Black "Kaplan, Julio P"]
[Result "0-1"]
[WhiteElo "2540"]
[BlackElo "2445"]

1.e4 c5 2.Nf3 d6 3.Bb5+ Bd7 4.Bxd7+ Nxd7 5.c4 g6 6.Nc3 Bg7 7.O-O a6 8.Rb1 Ngf6
9.b4 b6 10.bxc5 bxc5 11.d3 O-O 12.Bd2 e6 13.Qa4 Ng4 14.h3 Nge5 15.Nxe5 Nxe5
16.f4 Nxd3 17.Rf3 Nb4 18.a3 a5 19.Ne2 d5 20.exd5 exd5 21.axb4 dxc4 22.Be3 Qd3
23.Re1 cxb4 24.f5 Rfe8 25.Kf2 Qe4 26.Rd1 b3 27.Ng3 Qc2+ 28.Rd2 Qc3 29.fxg6 Rxe3
30.gxf7+ Kh8 31.Rxe3 Qxd2+ 32.Ne2 Rf8 33.Qxc4 b2 34.Rf3 Qb4 35.Qxb4 axb4
36.Rb3 Rxf7+ 37.Ke1 Bc3+ 38.Nxc3 bxc3 39.Kd1 Rf1+  0-1

[Event "IBM-B"]
[Site "Amsterdam"]
[Date "1975.??.??"]
[Round "1"]
[White "Van Baarle, C John"]
[Black "Rodriguez, Ruben"]
[Result "1/2-1/2"]
[WhiteElo "2320"]
[BlackElo "2410"]

1.e4 c5 2.Nf3 d6 3.Bb5+ Bd7 4.Bxd7+ Qxd7 5.c4 e5 6.d3 Nc6 7.Nc3 g6 8.Nd5 Bg7
9.O-O Nge7 10.Bg5 O-O 11.Nxe7+ Nxe7 12.Bxe7 Qxe7 13.Nd2 f5 14.Nb1 Qh4 15.Nc3 Rae8
16.Qa4 Re7 17.Qxa7 g5 18.exf5 Ref7 19.Ne4 Rxf5 20.Qxb7 g4 21.Ng3 R5f6 22.Qe4 Bh6
23.f3 Bf4 24.fxg4 Rh6 25.Rf3 Qxh2+ 26.Kf1 Rhf6 27.Ne2 Qh1+ 28.Ng1 Bh2 29.Kf2 Rf4
30.Qd5+ Kh8 31.Rf1 Bxg1+ 32.Rxg1 Qh4+ 33.Ke3 Qg5 34.Ke2 Qxg4 35.Qxd6 e4 36.dxe4 Rxe4+
37.Kf2 Ref4 38.Qxf8+ Rxf8 39.Rxf8+ Kg7 40.Rf3 Qd4+ 41.Re3 Qf4+  1/2-1/2

[Event "ARG-ch"]
[Site "Buenos Aires"]
[Date "1975.??.??"]
[Round "3"]
[White "Szmetan, Jorge"]
[Black "Emma, Jaime"]
[Result "1-0"]
[WhiteElo "2435"]
[BlackElo "2405"]

1.e4 c5 2.Nf3 d6 3.Bb5+ Bd7 4.Bxd7+ Qxd7 5.O-O Nc6 6.c3 Nf6 7.d4 Nxe4 8.d5 Nb8
9.Re1 Nf6 10.Bg5 Na6 11.c4 h6 12.Bxf6 gxf6 13.Nc3 Bg7 14.Nh4 h5 15.Qf3 Nc7
16.Nf5 Bf8 17.a3 Kd8 18.b4 b6 19.Ne4 Kc8 20.bxc5 bxc5 21.Rab1 Rb8 22.Nfxd6+ exd6
23.Nxf6 Rxb1 24.Rxb1 Qa4 25.Qf5+ Kd8 26.Ne4 Ne8 27.Rb8+ Ke7 28.Rb7+ Kd8 29.Nc3  1-0

[Event "Club Argentino"]
[Site "Buenos Aires"]
[Date "1975.??.??"]
[Round "5"]
[White "Letelier, Rene"]
[Black "Cuasnicu, Oscar"]
[Result "0-1"]
[WhiteElo "2350"]
[BlackElo "2410"]

1.e4 c5 2.Nf3 d6 3.Bb5+ Nd7 4.d4 cxd4 5.Qxd4 Nf6 6.O-O e5 7.Qe3 Be7 8.Nc3 O-O
9.a4 Nc5 10.Qe2 Bg4 11.Rd1 Ne6 12.Be3 a6 13.Bc4 Rc8 14.b3 Nh5 15.h3 Nhf4
16.Bxf4 Nxf4 17.Qe3 Bh5 18.Rd2 Bg5 19.Nxg5 Qxg5 20.Qg3 Nxh3+ 21.Qxh3 Qxd2
22.Nd5 Qg5 23.Re1 Rcd8 24.Re3 Bg4 25.Qg3 h6 26.Be2 f5 27.exf5 Bxf5 28.Qxg5 hxg5
29.Ne7+ Kh7 30.g4 g6 31.gxf5 gxf5 32.Rf3 f4 33.Rh3+ Kg7 34.Bg4 e4 35.c3 f3
36.Nf5+ Kf6 37.Rh6+ Ke5 38.Nd4 Rf6 39.Rh7 Re8 40.Rxb7 Kf4 41.Bd7 Re7 42.Bc6 Rxb7
43.Bxb7 g4 44.b4 e3 45.fxe3+ Kxe3 46.b5 axb5 47.axb5 Kd3 48.Bd5 Kxc3 49.Ne6 g3
50.b6 g2 51.Bxf3 Rxe6 52.Kxg2 Re1  0-1

[Event "ARG-ch"]
[Site "Buenos Aires"]
[Date "1975.??.??"]
[Round "11"]
[White "Miana, Elias"]
[Black "Bronstein, Luis"]
[Result "0-1"]
[WhiteElo "2200"]
[BlackElo "2355"]

1.e4 c5 2.Nf3 d6 3.Bb5+ Bd7 4.a4 Nc6 5.d4 cxd4 6.Nxd4 g6 7.O-O Bg7 8.c3 Nf6
9.Re1 O-O 10.Na3 Rc8 11.Bf1 a6 12.g3 h5 13.Bg5 Qa5 14.Nf3 Ne5 15.Nxe5 Qxe5
16.Bf4 Qc5 17.Bg2 Ng4 18.Re2 h4 19.Qd5 Qa7 20.Nc2 Rc5 21.Qd2 Rh5 22.Be3 Qb8
23.Nb4 hxg3 24.hxg3 Nxe3 25.Qxe3 Rc5 26.Nd5 Qd8 27.a5 e6 28.Nb6 Bb5 29.Rd2 Qe7
30.Bf1 Bc6 31.Rad1 Re5 32.Bg2 Rxa5 33.Rxd6 Ra2 34.R6d2 Qc7 35.f4 Ra5 36.e5 Bxg2
37.Kxg2 Rb5 38.Na4 Qc4 39.Qd4 Qc6+ 40.Kh3 Rd5 41.Qe4 b5 42.c4 bxc4  0-1